Leaves of grass / (Record no. 13884)
[ view plain ]
| 000 -LEADER | |
|---|---|
| fixed length control field | 01127cam a2200349 a 4500 |
| 001 - CONTROL NUMBER | |
| control field | 14696027 |
| 003 - CONTROL NUMBER IDENTIFIER | |
| control field | OSt |
| 005 - DATE AND TIME OF LATEST TRANSACTION | |
| control field | 20140310182509.0 |
| 008 - FIXED-LENGTH DATA ELEMENTS--GENERAL INFORMATION | |
| fixed length control field | 070112s2006 nyu b 000 0 eng d |
| 010 ## - LIBRARY OF CONGRESS CONTROL NUMBER | |
| LC control number | 2007270865 |
| 020 ## - INTERNATIONAL STANDARD BOOK NUMBER | |
| International Standard Book Number | 9781416523710 (pbk.) |
| 020 ## - INTERNATIONAL STANDARD BOOK NUMBER | |
| International Standard Book Number | 1416523715 (pbk.) |
| 035 ## - SYSTEM CONTROL NUMBER | |
| System control number | (OCoLC)ocm70849773 |
| 035 ## - SYSTEM CONTROL NUMBER | |
| System control number | (OCoLC)70849773 |
| 040 ## - CATALOGING SOURCE | |
| Original cataloging agency | IG# |
| Transcribing agency | IG# |
| Modifying agency | DLC |
| 042 ## - AUTHENTICATION CODE | |
| Authentication code | lccopycat |
| 050 00 - LIBRARY OF CONGRESS CALL NUMBER | |
| Classification number | PS 3201 |
| Item number | .W614 2006 |
| 100 1# - MAIN ENTRY--PERSONAL NAME | |
| Personal name | Whitman, Walt |
| Dates associated with a name | 1819-1892. |
| 9 (RLIN) | 8953 |
| 245 10 - TITLE STATEMENT | |
| Title | Leaves of grass / |
| Statement of responsibility, etc | Walt Whitman. |
| 250 ## - EDITION STATEMENT | |
| Edition statement | Pocket Books pbk. ed. |
| 260 ## - PUBLICATION, DISTRIBUTION, ETC. (IMPRINT) | |
| Place of publication, distribution, etc | New York : |
| Name of publisher, distributor, etc | Pocket Books, |
| Date of publication, distribution, etc | c2006. |
| 300 ## - PHYSICAL DESCRIPTION | |
| Extent | 648 p. : |
| Dimensions | 17 cm. |
| 490 1# - SERIES STATEMENT | |
| Series statement | Enriched classic |
| 500 ## - GENERAL NOTE | |
| General note | .Includes bibliographical references. |
| 700 1# - ADDED ENTRY--PERSONAL NAME | |
| Personal name | Brower, Charles. |
| 9 (RLIN) | 8954 |
| 830 #0 - SERIES ADDED ENTRY--UNIFORM TITLE | |
| Uniform title | Enriched classics series. |
| 9 (RLIN) | 3136 |
| 856 42 - ELECTRONIC LOCATION AND ACCESS | |
| Materials specified | Publisher description |
| Uniform Resource Identifier | <a href="http://www.loc.gov/catdir/enhancements/fy0713/2007270865-d.html">http://www.loc.gov/catdir/enhancements/fy0713/2007270865-d.html</a> |
| 906 ## - LOCAL DATA ELEMENT F, LDF (RLIN) | |
| a | 7 |
| b | cbc |
| c | copycat |
| d | 2 |
| e | ncip |
| f | 20 |
| g | y-gencatlg |
| 942 ## - ADDED ENTRY ELEMENTS (KOHA) | |
| Source of classification or shelving scheme | Library of Congress Classification |
| Koha item type | |
| Withdrawn status | Lost status | Source of classification or shelving scheme | Damaged status | Home library | Current library | Shelving location | Date acquired | Total Checkouts | Full call number | Barcode | Date last seen | Copy number | Price effective from | Koha item type |
|---|---|---|---|---|---|---|---|---|---|---|---|---|---|---|
| Library of Congress Classification | South SEED-LPDH College Library | South SEED-LPDH College Library | South SEED-LPDH College Section | 08/07/2013 | PS 3201 .W614 2006 | SSLC0689 | 05/15/2018 | 1 | 08/07/2013 | Books |